| 000 | 00378nam a22001457a 4500 | ||
|---|---|---|---|
| 020 | _a978-0-099-48798-2 | ||
| 082 |
_a823 _bCOLE/STEV |
||
| 100 | _aCOLE, STEVE | ||
| 245 | _aASTROSAURS: THE TERROR BIRD TRAP | ||
| 246 |
_aASTROSAURS: THE TERROR BIRD TRAP _bASTROSAURS: THE TERROR BIRD TRAP |
||
| 260 |
_aU K _bRED FOX |
||
| 300 | _a129 | ||
| 650 | _aENGLISH FICTION | ||
| 942 | _cBK | ||
| 999 |
_c8731 _d8731 |
||